| 000 | 00459nam a2200145Ia 4500 | ||
|---|---|---|---|
| 008 | 180705s9999 xx 000 0 und d | ||
| 020 | _a9786218029026 | ||
| 100 | _aMillan, Zues Vernon B. | ||
| 245 |
_cZues Vernon B. Millan _aAdvanced financial accounting & reporting : _bpart 2 / |
||
| 250 | _a2017 ed | ||
| 260 |
_aBaguio City: _bBandolin enterprise _c2017 |
||
| 300 | _axvi, 651 pages | ||
| 650 | _aAccounting. | ||
| 650 | _aFinancial reports--Philippines. | ||
| 999 |
_c358153 _d358153 |
||